000 00475nam a2200205Ia 4500
003 OSt
005 20220923230921.0
006 a|||||r|||| 00| 0
007 ta
008 Pun
024 _a306,451
037 _cTextual
040 _aARTS
_cARTS
_bPun
041 _2Pun
_aPun
082 _aO168,1K68:g, 153K9
245 0 _aਯੂਸਖ਼ ਗ਼ੁਲੈਖਾ
260 _c1969
942 _hO168,1K68:g, 153K9
_cTEXL
_2CC
999 _c388232
_d388232